| 000 | 01530cam a2200349 a 4500 | ||
|---|---|---|---|
| 001 | 16263109 | ||
| 003 | ARRUPE | ||
| 005 | 20141105020007.0 | ||
| 008 | 100602s2010 ilu b 000 0 eng | ||
| 010 | _a 2010022856 | ||
| 020 | _a9780829428612 | ||
| 020 | _a0829428615 | ||
| 035 | _a(OCoLC)ocn613430267 | ||
| 040 |
_aDLC _cDLC _dYDX _dBTCTA _dYDXCP _dMNJ _dDLC |
||
| 050 | 0 | 0 |
_aBV5083 _b.T45 2010 |
| 100 | 1 |
_aThibodeaux, Mark E. _9276 |
|
| 245 | 1 | 0 |
_aGod's voice within : _bthe Ignatian way to discover God's will / _cMark E. Thibodeaux. |
| 260 |
_aChicago : _bLoyola Press, _cc2010. |
||
| 300 |
_axv, 230 p. ; _c23 cm. |
||
| 504 | _aIncludes bibliographical references. | ||
| 600 | 0 | 0 |
_aIgnatius, _cof Loyola, Saint, _d1491-1556. _tExercitia spiritualia. _911395 |
| 650 | 0 |
_aDiscernment of spirits. _97788 |
|
| 650 | 0 |
_aGod (Christianity) _xWill. _911396 |
|
| 650 | 0 |
_aDecision making _xReligious aspects _xCatholic Church. _95640 |
|
| 856 | 4 | 2 |
_3Contributor biographical information _uhttp://www.loc.gov/catdir/enhancements/fy1204/2010022856-b.html |
| 856 | 4 | 2 |
_3Publisher description _uhttp://www.loc.gov/catdir/enhancements/fy1204/2010022856-d.html |
| 856 | 4 | 1 |
_3Sample text _uhttp://www.loc.gov/catdir/enhancements/fy1204/2010022856-s.html |
| 856 | 4 | 1 |
_3Table of contents only _uhttp://www.loc.gov/catdir/enhancements/fy1204/2010022856-t.html |
| 906 |
_a7 _bcbc _corignew _d1 _eecip _f20 _gy-gencatlg |
||
| 942 |
_2lcc _cMONOGRAPH _02 |
||
| 999 |
_c120875 _d120875 |
||